| 000 | 01042cam a2200205 4500 | ||
|---|---|---|---|
| 008 | 030131n2003 000 0 eng u | ||
| 020 | _a0117536466 | ||
| 035 | _a(Sirsi) u121463 | ||
| 110 |
_aUnited Kingdom _bOffice of the Deputy Prime Minister |
||
| 245 | _aCompulsory purchase orders | ||
| 260 |
_aNorwich _bTSO _c2003 |
||
| 350 | _a9.25 | ||
| 490 |
_aODPM Circular _v02/2003 |
||
| 520 | _aSupersedes MHLG Circular 48/59, DoE Circulars 115/75, 5/93 (ISBN 0117527696), 14/94 (ISBN 0117529605), and DETR circular 198/1 (ISBN 0117534528). The Circular should be read with DoE Circulars 1/90 (ISBN 011752249X), 8/93 (ISBN 0117527912), DoT Local Authority Circular 2/97 and PPG15 (ISBN 0117523100). View at www.planning.odpm.gov.uk/circulars/. | ||
| 650 | _aPLANNING GUIDANCE | ||
| 690 | _aENVIRONMENTAL AND LAND CONSULTANCY-PLANNING AND DEVELOPMENT-COMPULSORY PURCHASE AND COMPENSATION | ||
| 710 |
_aNAFW _93812 |
||
| 856 |
_uhttps://www.communities.gov.uk/index.asp?id=1144328 _vView the Circular on the ODPM website... |
||
| 942 | _n0 | ||
| 999 |
_c102668 _d102668 |
||